|
|
|
|
| LEADER |
00627nab a2200181 i 4500 |
| 001 |
acta26391 |
| 005 |
20210224151203.0 |
| 008 |
161017s1973 hu o 0|| hun d |
| 022 |
|
|
|a 0544-7224
|
| 040 |
|
|
|a SZTE Egyetemi Kiadványok Repozitórium
|b hun
|
| 041 |
|
|
|a hun
|
| 100 |
1 |
|
|a Köves József
|
| 245 |
1 |
0 |
|a Tananyagcsökkentés vagy a szemlélet megváltoztatása?
|h [elektronikus dokumentum] /
|c Köves József
|
| 260 |
|
|
|c 1973
|
| 300 |
|
|
|a 179-184
|
| 490 |
0 |
|
|a Módszertani közlemények
|v 13 No. 3
|
| 695 |
|
|
|a Neveléstudomány
|
| 856 |
4 |
0 |
|u http://acta.bibl.u-szeged.hu/26391/1/modszertani_013_003_179-184.pdf
|z Dokumentum-elérés
|